000 00317nam a22001457a 4500
008 221020b ||||| |||| 00| 0 eng d
020 _a9781455727520
041 _aeng
080 _24EDITION
_a004
082 _a004HES
100 _a18
101 _aSHK
245 _aNCLEX-RN EXAMINATION
_cHESI
942 _2udc
_cBK
999 _c58617
_d58617